Эволюция потери сдвиговой устойчивости на мезо- и макроуровнях и разрушение холоднокатаных поликристаллов при растяжении; Физическая мезомеханика; Т. 7, № Спец1

Podrobná bibliografie
Parent link:Физическая мезомеханика/ Институт физики прочности и материаловедения ; Российская академия наук (РАН), Сибирское отделение (СО), Институт физики прочности и материаловедения (ИФПМ).— , 1998-.— 1683-805X
Т. 7, № Спец1.— 2004.— С. 355-358
Další autoři: Плешанов В. С., Панин В. Е. Виктор Евгеньевич, Кобзева С. А., Буркова С. П.
Shrnutí:Изучены мезомасштабные закономерности локализации пластического течения и разрушения холоднокатаных металлических поликристаллов в условиях растяжения. Описана кинетика формирования и развития мезополосовых структур с позиций иерархии масштабных уровней потери сдвиговой устойчивости поликристаллов. Показано, что состояние предразрушения поликристаллов связано с их мезомасштабной фрагментацией, а характер разрушения определяется самосогласованием всех масштабных уровней деформации в области макрополосового диполя
В фонде НТБ ТПУ отсутствует
Jazyk:ruština
Vydáno: 2004
Témata:
Médium: MixedMaterials Kapitola
KOHA link:https://koha.lib.tpu.ru/cgi-bin/koha/opac-detail.pl?biblionumber=597171

MARC

LEADER 00000naa2a2200000 4500
001 597171
005 20250619110957.0
035 |a (RuTPU)RU\TPU\tpu\20331 
035 |a RU\TPU\prd\111880 
090 |a 597171 
100 |a 20111123d2004 k||y0rusy50 ca 
101 0 |a rus 
102 |a RU 
200 1 |a Эволюция потери сдвиговой устойчивости на мезо- и макроуровнях и разрушение холоднокатаных поликристаллов при растяжении   |f В. С. Плешанов [и др.] 
330 |a Изучены мезомасштабные закономерности локализации пластического течения и разрушения холоднокатаных металлических поликристаллов в условиях растяжения. Описана кинетика формирования и развития мезополосовых структур с позиций иерархии масштабных уровней потери сдвиговой устойчивости поликристаллов. Показано, что состояние предразрушения поликристаллов связано с их мезомасштабной фрагментацией, а характер разрушения определяется самосогласованием всех масштабных уровней деформации в области макрополосового диполя 
333 |a В фонде НТБ ТПУ отсутствует 
461 0 |0 (RuTPU)RU\TPU\prd\353  |x 1683-805X  |t Физическая мезомеханика  |f Институт физики прочности и материаловедения ; Российская академия наук (РАН), Сибирское отделение (СО), Институт физики прочности и материаловедения (ИФПМ)  |d 1998- 
463 |t Т. 7, № Спец1  |v С. 355-358  |d 2004 
610 1 |a труды учёных ТПУ 
701 1 |a Плешанов  |b В. С. 
701 1 |a Панин  |b В. Е.  |c специалист в области физики и механики деформируемого твердого тела, физического материаловедения  |c доктор физико-математических наук, профессор Томского политехнического университета  |c зав. кафедрой материаловедения в машиностроении  |c директор Российского материаловедческого центра  |c научный руководитель института физики прочности и материаловедения СО РАН  |f 1930-  |g Виктор Евгеньевич  |3 (RuTPU)RU\TPU\pers\12102 
701 1 |a Кобзева  |b С. А. 
701 1 |a Буркова  |b С. П. 
801 1 |a RU  |b 63413507  |c 20101125 
801 2 |a RU  |b 63413507  |c 20111123  |g RCR 
850 |a 63413507 
942 |c BK